[Event "37th Rubinstein Memorial"]
[Site "Polanica Zdroj POL"]
[Date "2000.08.21"]
[Round "5"]
[White "Ivanchuk, Vasyl"]
[Black "Van Wely, Loek"]
[WhiteElo "2716"]
[BlackElo "2643"]
[Result "0-1"]
[EventDate "2000.08.17"]
[PlyCount "88"]
1. e4 c5 2. Nf3 d6 3. d4 cxd4 4. Nxd4 Nf6 5. Nc3 a6 6. Be2 e6 7. O-O Be7 8. f4 O-O 9. Kh1 Nc6 10. Nxc6 bxc6 11. e5 dxe5 12. fxe5 Nd7 13. Bf4 Bg5 14. Bg3 Bh4 15. Bf4 Bg5 16. Qd2 Bxf4 17. Qxf4 Qa5 18. Rae1 Qxe5 19. Qh4 h6 20. Bd3 Qg5 21. Qe4 g6 22. Qxc6 Rb8 23. Ne4 Qa5 24. b3 Kg7 25. Qd6 Rb6 26. Qe7 Qb4 27. Qh4 f5 28. c3 Qa3 29. Nd2 Qd6 30. Rf3 g5 31. Qf2 Qc5 32. Qe2 Bb7 33. Rh3 e5 34. Nc4 Re6 35. b4 Qc7 36. Na5 e4 37. Bc4 Ref6 38. Qf2 Ba8 39. Bf1 Ne5 40. c4 f4 41. Qb2 e3 42. Kg1 g4 43. Rh5 Nf3+ 44. gxf3 gxf3 0-1